|
|
|
|
| LEADER |
00000nam a22000007i 4500 |
| 001 |
IT\ICCU\REA\0047924 |
| 003 |
ItRI |
| 005 |
20260220202812.0 |
| 008 |
000117s1999 it |||||| ||||| |||||c |
| 020 |
|
|
|a 8886865139
|
| 040 |
|
|
|b ita
|c ct
|
| 041 |
|
7 |
|a ita
|2 ISO-639-2
|
| 100 |
1 |
|
|a Bram, Christopher
|0 IT\ICCU\REAV\097327
|4 aut
|
| 240 |
1 |
0 |
|a Father of Frankenstein.
|
| 245 |
1 |
0 |
|a Demoni e dei /
|c Christopher Bram.
|
| 260 |
|
|
|a Forli :
|b Zoe,
|c 1999
|
| 300 |
|
|
|a 250 p. ;
|c 19 cm
|
| 500 |
|
|
|a Trad. di Walter Cacciaguerra
|
| 942 |
|
|
|2 ddc
|c BK
|
| 952 |
|
|
|0 0
|1 0
|2 ddc
|4 0
|6 B_LNR02BRACHDEM11
|7 0
|9 8997
|a MI
|b MI
|d 2010-02-15
|i 5863
|l 0
|o B-LNR02-BRACH-DEM11
|p CDOM5863
|r 2025-07-17 21:50:00
|w 2025-07-17
|x ACQUISTO
|y BK
|
| 952 |
|
|
|0 0
|1 0
|4 0
|6 DOC_813_540000000000000_BRA
|7 0
|9 18007
|a BO
|b BO
|d 2026-01-15
|i 5323
|l 0
|o DOC 813.54 BRA
|p BO5323
|r 2026-01-15 23:19:51
|w 2026-01-15
|x [Sebina 5] [1 v.]
|y BK
|z 1 v.
|
| 999 |
|
|
|c 7489
|d 7489
|